000 00587nam a22002297a 4500
003 UA-OsUOA
001 92660
007 ta
008 20121221b un ||||| |||| 00| 0 ukr d
100 _aБлагов Д.
090 _a821.161.1
_bБ68
942 _cBK
040 _aUA-OsUOA
_brus
_cUA-OsUOA
_dUA-OsUOA
245 _aКраткие записки о моей жизни
300 _a175 с.
955 _a3
041 _arus
080 _a821.161.1
260 _aМ.
_c1981
650 7 _a82 Література. Літературознавство
_2UDC
999 _c378948
_d378948